Sit Down Design Now! /

Recorrido gráfico por las propuestas recientes más creativas en el diseño de sillas, sillones y, en general muebles para sentarse y relajarse.

Guardado en:
書目詳細資料
主要作者: Martínez Calmettes, Julien (autor)
其他作者: Minguet, Josep Maria (edición) (edición)
格式: 圖書
語言:西班牙语
出版: Barcelona, España : Instituto Monsa de Ediciones, 2006, c2006
主題:
標簽: 添加標簽
沒有標簽, 成為第一個標記此記錄!

MARC

LEADER 00000nam^a2200000^a^4500
001 000194274
005 20250521000000.0
009 20260310102711.486
020 |a 84-96429-34-2 
037 |a Acervo ITESO - Biblioteca 
041 |a ESP 
082 |a 749. 32  |b MAR 
100 |a Martínez Calmettes, Julien  |e (autor) 
245 1 0 |a Sit Down Design Now! /  |c J. Martínez Calmettes ; ed. de J.M. Minguet ; tr. por Babyl Traducciones. 
264 4 |a Barcelona, España :  |b Instituto Monsa de Ediciones,  |c 2006, c2006 
300 |a 191 p. 
336 |a texto  |b txt  |2 rdacontenido 
337 |a sin mediación  |b n  |2 rdamedio 
338 |a volumen  |b nc  |2 rdasoporte 
520 |a Recorrido gráfico por las propuestas recientes más creativas en el diseño de sillas, sillones y, en general muebles para sentarse y relajarse. 
546 |a Edición bilingüe español-inglés 
649 |a XX 
650 |a Sillas -  |x Tema Principal 
650 |a Sillones -  |x Tema Principal 
650 |a Muebles 
650 |a Decoración y Ornamentación 
650 |a Diseño Industrial 
700 |a Minguet, Josep Maria  |e (edición) 
910 |a Fondo General 
920 |a Impresos - Libros 
930 |a Reserva Especial 
905 |a 103 
901 |a 0500139230  |b IT1  |c REE  |u 20250521 
902 |a https://opac.biblio.iteso.mx/vufind/Record/000194274